Asturias (Record no. 38364)
[ view plain ]
| 000 -LEADER | |
|---|---|
| campo de control de longitud fija | 00631nam a2200181 i 4500 |
| 001 - NÚMERO DE CONTROL | |
| campo de control | 38364 |
| 003 - IDENTIFICADOR DE NÚMERO DE CONTROL | |
| campo de control | ES-MaACL |
| 005 - FECHA Y HORA DE LA ÚLTIMA TRANSACCIÓN | |
| campo de control | 20250531063023.0 |
| 007 - CAMPO FIJO DE DESCRIPCIÓN FÍSICA--INFORMACIÓN GENERAL | |
| campo de control de longitud fija | t| |
| 008 - DATOS DE LONGITUD FIJA--INFORMACIÓN GENERAL | |
| campo de control de longitud fija | 030225s1956 sp ||||1| spa d |
| 100 1# - ENTRADA PRINCIPAL--NOMBRE DE PERSONA | |
| Nombre de persona | Cabezas, Juan Antonio, |
| Fechas asociadas al nombre | 1900-1993 |
| 9 (RLIN) | 33200 |
| 245 10 - MENCIÓN DEL TÍTULO | |
| Título | Asturias |
| Resto del título | : biografía de una región / |
| Mención de responsabilidad, etc. | Juan Antonio Cabezas. |
| 260 ## - PUBLICACIÓN, DISTRIBUCIÓN, ETC. | |
| Lugar de publicación, distribución, etc. | Madrid : |
| Nombre del editor, distribuidor, etc. | Espasa-Calpe, |
| Fecha de publicación, distribución, etc. | 1956 ( |
| Lugar de fabricación/manufactura | Vitoria : |
| Fabricante | Heraclio Fournier) |
| 300 ## - DESCRIPCIÓN FÍSICA | |
| Extensión | 622 p., 4 lám. : |
| Otras características físicas | 1 gráf. pleg., il. ; |
| Dimensiones | 21 cm. |
| 651 #4 - PUNTO DE ACCESO ADICIONAL DE MATERIA--NOMBRE GEOGRÁFICO | |
| Nombre geográfico | Asturias (Comunidad Autónoma)- |
| Subdivisión general | Descripción. |
| 9 (RLIN) | 7830 |
| 852 ## - LOCALIZACIÓN | |
| Ubicación | ES-MaACL |
| Número de control de estantería | C-11338 |
| Sublocalización o colección | R.39432 |
| Estatus retirado | Estado de pérdida | Estado de daño | No para préstamo | Biblioteca de origen | Biblioteca actual | Ubicación en estantería | Fecha de adquisición | Fuente de adquisición | Total de préstamos | Signatura topográfica completa | Código de barras | Visto por última vez | Precio de reemplazo | Tipo de ítem Koha |
|---|---|---|---|---|---|---|---|---|---|---|---|---|---|---|
| Biblioteca del Ateneo de Madrid | Biblioteca del Ateneo de Madrid | Sala Palomar | 17/01/2008 | C-11338 | 1040391 | 23/02/2023 | 23/02/2023 | Libro impreso |
